[Event "ROM-ch U08"]
[Site "Calimanesti"]
[Date "2015.04.02"]
[Round "5"]
[White "Magold, Filip"]
[Black "Cociota, Claudiu George"]
[Result "1-0"]
[WhiteElo "1030"]
[BlackElo "1124"]
[PlyCount "45"]
[EventDate "2015.03.30"]
[EventType "swiss"]
[EventRounds "9"]
[EventCountry "ROU"]
[SourceTitle "CBM 165 Extra"]
[Source "ChessBase"]
[SourceDate "2015.04.21"]
[SourceVersion "1"]
[SourceVersionDate "2015.04.21"]
[SourceQuality "1"]

1. d4 d5 2. c4 dxc4 3. Nc3 Nc6 4. e3 Na5 5. a3 Be6 6. b4 Nc6 7. d5 Bxd5 8. Qxd5 Qxd5 9. Nxd5 b5 10. Nxc7+ Kd8 11. Nxa8 Nf6 12. Nf3 e6 13. Bb2 Be7 14. Rd1+ Ke8 15. Nc7+ Kf8 16. Bxf6 gxf6 17. Rc1 f5 18. g3 e5 19. Nxb5 f4 20. Nd2 a6 21. Nc7 a5 22. b5 Nd8 23. Bxc4 1-0